000 00422cam a2200169ua 4500
020 _c2.00
041 _amal
_h
082 _a894.812308
_bTOL/RA
100 _aTolstoy, Leo.
245 _aRandu thalamurakhal /
_cLeo Tolsto.
_hTextual Documents
260 _aThuravoor :
_bSree Narasimha Vilasam Book Depot ,
_c1961.
300 _a166 ; .
365 _a2.00
504 _a
942 _cBK
999 _c11461
_d11461